Normal view
MARC view
Entry Topical Term
001 - CONTROL NUMBER
- control field: 54897
003 - CONTROL NUMBER IDENTIFIER
- control field: OSt
005 - DATE AND TIME OF LATEST TRANSACTION
- control field: 20160503111416.0
008 - FIXED-LENGTH DATA ELEMENTS
- fixed length control field: 160503|| aca||aabn | a|a d
040 ## - CATALOGING SOURCE
- Original cataloging agency: OSt
- Transcribing agency: OSt
150 ## - HEADING--TOPICAL TERM
- Topical term or geographic name entry element: Literature
670 ## - SOURCE DATA FOUND
- Source citation: Work cat.: (OSt)11479: चन्द्र, रमेश 54896, खजुराहो की प्रतिध्वनियॉ , 2001









